Pierwsze państwa alfabetu. - Statystyki

Ogólne statystyki
  • Ten quiz został rozwiązany 364 razy
  • Średni wynik to 7 z 10
Statystyki odpowiedzi
Miejsce Nazwa % Poprawnych
2 Albania
83%
4 Andora
81%
9 Armenia
78%
1 Afganistan
75%
8 Argentyna
71%
10 Australia
71%
3 Algieria
66%
5 Angola
64%
6 Antigua i Barbuda
58%
7 Arabia Saudyjska
56%
Nie znaleziono quizów pasujących do podanych kryteriów
Rozkład punktacji
Procent ludzi z każdym wynikiem
Percentyl według liczby udzielonych odpowiedzi
Twoja historia wyników
Nie rozwiązałeś tego quizu